Hombres representativos : El humanista americano. El joven americano /

Guardado en:
Autor Principal: Emerson, Ralp Waldo.
Formato: Libro
Idioma:Undetermined
Publicado: Buenos Aires : Editorial Losada, S.A, 1943.
Materias:
Etiquetas: Agregar Etiqueta
Sin Etiquetas, Sea el primero en etiquetar este registro!
LEADER 00573nam a22001695a 4500
001 EHU.bham045807
005 20111223085224.0
008 110330s1943####ag############000#0#und#d
100 1 |a Emerson, Ralp Waldo. 
245 0 0 |a Hombres representativos :  |b El humanista americano. El joven americano /  |c Ralph Waldo Emerson. 
260 |a Buenos Aires :  |b Editorial Losada, S.A,  |c 1943. 
300 |a 232 p. 
653 |a Filosofía 
653 |a Historia 
653 |a Grandes hombres 
653 |a Colección Lejarraga 
859 |a AR-BHAM  |b BIB. HUMANIDADES - Donacion Lejarraga  |h MFN000026  |p 000026.19